[Event "Calgary int."]
[Site "Calgary CAN"]
[Date "2025.07.31"]
[Round "2.7"]
[White "Iyer, Abhinav"]
[Black "Bai, Jinghui"]
[Result "1/2-1/2"]
[WhiteElo "1915"]
[BlackElo "2031"]
[WhiteFideId "-1"]
[WhiteFideId "-1"]
[PlyCount "100"]
[GameId "2218747218205927"]
[EventDate "2025.07.31"]
[EventType "swiss"]
[EventRounds "9"]
[EventCountry "CAN"]

1. d4 Nf6 2. c4 c5 3. d5 e5 4. Nc3 d6 5. e4 g6 6. Bd3 Bg7 7. h3 O-O 8. Nge2 a6 9. Be3 Ne8 10. Qd2 f5 11. f3 Nf6 12. g4 f4 13. Bf2 h6 14. h4 Ne8 15. h5 g5 16. Nc1 Nc7 17. O-O Nd7 18. a4 Nf6 19. Be1 Nxg4 20. fxg4 Bxg4 21. Qh2 Qf6 22. Nb3 Qf7 23. Nd2 Bxh5 24. Be2 Bg6 25. Ra3 Ne8 26. Bg4 Qe7 27. Be6+ Kh8 28. Nf3 Nc7 29. Bg4 Rab8 30. Qh3 b5 31. axb5 axb5 32. Nxb5 Nxb5 33. cxb5 Bxe4 34. Be6 Rxb5 35. Bc3 Kh7 36. Rfa1 Rb7 37. Ra8 Kh8 38. Rxf8+ Qxf8 39. Nxg5 Bg6 40. Ra6 Qd8 41. Nf3 Be8 42. Kh1 Bb5 43. Ra1 Qe8 44. Rg1 Bd7 45. Ng5 Bxe6 46. dxe6 Qa8 47. Kh2 Qe8 48. Nf7+ Rxf7 49. exf7 Qxf7 50. Ra1 Qg6 1/2-1/2

[Event "Calgary int."]
[Site "Calgary CAN"]
[Date "2025.07.31"]
[Round "2.8"]
[White "Alpuri, Aaqil"]
[Black "Darvekar, Yash"]
[Result "1-0"]
[WhiteElo "2027"]
[BlackElo "1922"]
[WhiteFideId "-1"]
[WhiteFideId "-1"]
[PlyCount "51"]
[GameId "2218737197798728"]
[EventDate "2025.07.31"]
[EventType "swiss"]
[EventRounds "9"]
[EventCountry "CAN"]

1. e4 c5 2. Nf3 d6 3. Bb5+ Bd7 4. Bxd7+ Qxd7 5. O-O Nc6 6. c4 g6 7. d4 cxd4 8. Nxd4 Bg7 9. Be3 Nf6 10. f3 Rc8 11. Nc3 a6 12. Rc1 Nxd4 13. Qxd4 O-O 14. Qd3 Rc7 15. Rfd1 Rfc8 16. b3 b5 17. cxb5 Ng4 18. Nd5 Nxe3 19. Rxc7 Rxc7 20. Qxe3 Rc2 21. bxa6 Rxa2 22. Qb6 Be5 23. Qb7 Qe6 24. a7 Bxh2+ 25. Kxh2 Qe5+ 26. Kg1 1-0

[Event "Calgary int."]
[Site "Calgary CAN"]
[Date "2025.07.31"]
[Round "2.9"]
[White "Zheng, Yanchen"]
[Black "Taylor, Tristan"]
[Result "1/2-1/2"]
[WhiteElo "1877"]
[BlackElo "2012"]
[WhiteFideId "-1"]
[WhiteFideId "-1"]
[PlyCount "113"]
[GameId "2218730180203788"]
[EventDate "2025.07.31"]
[EventType "swiss"]
[EventRounds "9"]
[EventCountry "CAN"]

1. Nf3 Nf6 2. e3 d5 3. b3 e6 4. Bb2 Be7 5. c4 O-O 6. Be2 dxc4 7. bxc4 c5 8. O-O b6 9. Ne5 Bb7 10. Bf3 Qc7 11. Bxb7 Qxb7 12. Nc3 Nbd7 13. Nxd7 Qxd7 14. d4 cxd4 15. exd4 Rac8 16. Qd3 Qc6 17. Rfe1 Qxc4 18. Qg3 Bb4 19. Re3 Bxc3 20. Rxc3 Qd5 21. Rf3 Ne4 22. Qf4 f5 23. h4 Rc2 24. Ba3 Qxd4 25. Rc1 Rfc8 26. Rxc2 Qd1+ 27. Kh2 Qxc2 28. g4 Nd2 29. Rh3 fxg4 30. Qxg4 Qe4 31. Qd1 Qd5 32. Rg3 Qd4 33. Qe2 Qxh4+ 34. Rh3 Qf4+ 35. Rg3 Ne4 36. Kg2 Kh8 37. Rg4 Qxf2+ 38. Qxf2 Nxf2 39. Kxf2 Rc2+ 40. Ke1 Rxa2 41. Bf8 g6 42. Rf4 h5 43. Rf6 Kh7 44. Rxe6 b5 45. Re7+ Kg8 46. Bh6 b4 47. Kd1 b3 48. Kc1 h4 49. Re3 Rg2 50. Rxb3 g5 51. Rh3 a5 52. Bxg5 Rxg5 53. Rxh4 Rb5 54. Rf4 Kg7 55. Kc2 Kg6 56. Kc3 Rg5 57. Rf8 1/2-1/2

[Event "Calgary int."]
[Site "Calgary CAN"]
[Date "2025.07.31"]
[Round "2.10"]
[White "Wu, Nathan Ping-Ying"]
[Black "Prianichnikov, Michael"]
[Result "0-1"]
[WhiteElo "2006"]
[BlackElo "1888"]
[WhiteFideId "-1"]
[WhiteFideId "-1"]
[PlyCount "70"]
[GameId "2218741087327633"]
[EventDate "2025.07.31"]
[EventType "swiss"]
[EventRounds "9"]
[EventCountry "CAN"]

1. d4 Nf6 2. Nc3 d5 3. Bf4 e6 4. Nb5 Na6 5. e3 c6 6. Nc3 Nc7 7. Nf3 Bb4 8. Bd3 c5 9. dxc5 Bxc5 10. O-O Bd7 11. Ne5 Bc6 12. Qf3 a6 13. a4 Qe7 14. Ne2 h6 15. c3 Bd6 16. g4 Nd7 17. Qg3 g5 18. Nd4 gxf4 19. exf4 Nxe5 20. fxe5 Bc5 21. Ne2 a5 22. Rab1 Rg8 23. Nf4 Qg5 24. Nh5 Be7 25. h3 Qh4 26. Qe3 Qxh5 27. Kh2 Qh4 28. Be2 Na6 29. Bxa6 Rxa6 30. b4 Rxg4 31. Rg1 Rxg1 32. Rxg1 Bg5 33. Qd3 Qxf2+ 34. Rg2 Bf4+ 35. Kh1 d4 0-1

[Event "Calgary int."]
[Site "Calgary CAN"]
[Date "2025.08.01"]
[Round "3.1"]
[White "Doknjas, Neil"]
[Black "Mikhalevski, Victor"]
[Result "1/2-1/2"]
[WhiteElo "2245"]
[BlackElo "2492"]
[WhiteFideId "-1"]
[WhiteFideId "-1"]
[PlyCount "87"]
[GameId "2218787404224391"]
[EventDate "2025.07.31"]
[EventType "swiss"]
[EventRounds "9"]
[EventCountry "CAN"]

1. e4 e5 2. Nf3 Nc6 3. Bc4 Bc5 4. d3 Nf6 5. a4 a6 6. O-O d6 7. Be3 Bxe3 8. fxe3 O-O 9. Nbd2 a5 10. h3 Ne7 11. c3 Ng6 12. Rf2 c6 13. Qb3 d5 14. exd5 b5 15. Bxb5 cxb5 16. e4 bxa4 17. Qxa4 Bd7 18. Qa3 Nh5 19. Nc4 Nhf4 20. Ncxe5 Bxh3 21. Nc6 Qb6 22. d4 f5 23. Ng5 Qc7 24. Qc5 fxe4 25. d6 Qd7 26. Ne7+ Kh8 27. Nxg6+ hxg6 28. Rxa5 Rxa5 29. Qxa5 e3 30. Rxf4 Rxf4 31. Qe5 Rf8 32. gxh3 Qf5 33. Qxe3 Qf1+ 34. Kh2 Rf2+ 35. Kg3 Re2 36. Qxe2 Qxe2 37. d7 Qe3+ 38. Kg4 Qe2+ 39. Kg3 Qe1+ 40. Kg4 Qg1+ 41. Kf4 Qc1+ 42. Kg4 Qg1+ 43. Kf4 Qc1+ 44. Kg4 1/2-1/2

[Event "Calgary int."]
[Site "Calgary CAN"]
[Date "2025.08.01"]
[Round "3.2"]
[White "Komarov, Dimitri"]
[Black "Thavandiran, Shiyam"]
[Result "0-1"]
[Annotator "hugh_"]
[WhiteElo "2407"]
[BlackElo "2398"]
[WhiteFideId "-1"]
[WhiteFideId "-1"]
[PlyCount "54"]
[GameId "2218782409355249"]
[EventDate "2025.07.31"]
[EventType "swiss"]
[EventRounds "9"]
[EventCountry "CAN"]

1. d4 Nf6 2. Nf3 e6 3. c4 a6 4. Bg5 h6 5. Bxf6 Qxf6 6. Nc3 d6 7. h4 Nc6 8. h5 Bd7 9. e3 g5 10. hxg6 fxg6 11. Bd3 O-O-O 12. Rb1 e5 13. d5 Na7 14. b4 g5 15. b5 axb5 16. cxb5 b6 17. Qc2 Kb8 18. Ne4 Qf7 19. O-O Be7 20. Rfc1 Rc8 21. Qc4 g4 22. Nfd2 g3 23. fxg3 h5 24. Nf3 h4 25. gxh4 Bxh4 26. Rc3 Bh3 27. Nxh4 Rxh4 {Unreadable scoresheets. Black won in 31 moves.} 0-1

[Event "Calgary int."]
[Site "Calgary CAN"]
[Date "2025.08.01"]
[Round "3.4"]
[White "Chandra, Anand Rishi"]
[Black "Srinivasan, Hemant"]
[Result "1/2-1/2"]
[WhiteElo "2169"]
[BlackElo "2097"]
[WhiteFideId "-1"]
[WhiteFideId "-1"]
[PlyCount "114"]
[GameId "2218795035810068"]
[EventDate "2025.07.31"]
[EventType "swiss"]
[EventRounds "9"]
[EventCountry "CAN"]

1. e4 c5 2. Nf3 Nc6 3. Bb5 g6 4. O-O Bg7 5. Nc3 d6 6. d4 cxd4 7. Nxd4 Bd7 8. Be3 Nf6 9. Nxc6 bxc6 10. Be2 O-O 11. f4 Qa5 12. Bf3 Rab8 13. Rb1 Rfd8 14. Qe2 Rb7 15. a3 Rdb8 16. b4 Qc7 17. Bd4 Nh5 18. Bxg7 Nxg7 19. e5 Nf5 20. Rbd1 a5 21. b5 cxb5 22. Bxb7 Qxc3 23. Be4 Qc5+ 24. Qf2 Ne3 25. Rd3 Nxf1 26. Qxc5 dxc5 27. Rxd7 Ne3 28. Rxe7 b4 29. a4 c4 30. Rc7 b3 31. cxb3 cxb3 32. Kf2 Nd1+ 33. Ke2 Nb2 34. Bd5 Nxa4 35. Bxf7+ Kf8 36. Bxb3 Rxb3 37. Ra7 Rb5 38. Kd3 Nb6 39. g4 a4 40. Kd4 Rd5+ 41. Ke4 Rd7 42. Ra6 Nd5 43. f5 Nc3+ 44. Kf4 gxf5 45. gxf5 Rd4+ 46. Kg5 Re4 47. e6 Nd5 48. Ra7 Re2 49. h3 Rg2+ 50. Kh6 Rh2 51. Kxh7 Rxh3+ 52. Kg6 Rg3+ 53. Kh6 Ke8 54. Rxa4 Ke7 55. Ra8 Kd6 56. Ra7 Rh3+ 57. Kg5 Rg3+ 1/2-1/2

[Event "Calgary int."]
[Site "Calgary CAN"]
[Date "2025.08.01"]
[Round "3.5"]
[White "Prianichnikov, Michael"]
[Black "Ng, Gary"]
[Result "0-1"]
[WhiteElo "1888"]
[BlackElo "2234"]
[WhiteFideId "-1"]
[WhiteFideId "-1"]
[PlyCount "110"]
[GameId "2218769682816837"]
[EventDate "2025.07.31"]
[EventType "swiss"]
[EventRounds "9"]
[EventCountry "CAN"]

1. e4 b6 2. d4 Bb7 3. Nc3 e6 4. Bd3 Nf6 5. Nge2 c5 6. d5 Qc8 7. Nf4 c4 8. Be2 Bb4 9. Qd4 O-O 10. O-O Re8 11. Nh5 Nxh5 12. Bxh5 Bc5 13. Qd1 Na6 14. Qf3 g6 15. Qg3 Nb4 16. Bd1 Bf8 17. a3 Na6 18. Bf4 Nc5 19. Bf3 a6 20. Be5 Be7 21. Qf4 Rf8 22. d6 Bd8 23. Bf6 Bxf6 24. Qxf6 Qd8 25. Qd4 Rc8 26. Qe3 f5 27. e5 f4 28. Qe2 Bxf3 29. Qxf3 Qg5 30. Rfe1 Rf5 31. Ne4 Nxe4 32. Rxe4 Rc5 33. Rae1 Rfxe5 34. h4 Qf5 35. Rxe5 Rxe5 36. Qa8+ Kf7 37. Rf1 Rd5 38. Qh8 Qf6 39. Qxh7+ Qg7 40. Qxg7+ Kxg7 41. Re1 b5 42. a4 Rxd6 43. axb5 axb5 44. Re5 Rd5 45. Rxd5 exd5 46. Kf1 Kf6 47. Ke2 Kf5 48. Kf3 d4 49. g4+ fxg3 50. fxg3 b4 51. g4+ Ke5 52. h5 gxh5 53. gxh5 d3 54. cxd3 c3 55. bxc3 b3 0-1

[Event "Calgary int."]
[Site "Calgary CAN"]
[Date "2025.08.01"]
[Round "3.6"]
[White "Wu, Jonathan"]
[Black "Alpuri, Aaqil"]
[Result "1/2-1/2"]
[WhiteElo "2091"]
[BlackElo "2027"]
[WhiteFideId "-1"]
[WhiteFideId "-1"]
[PlyCount "63"]
[GameId "2218778281992082"]
[EventDate "2025.07.31"]
[EventType "swiss"]
[EventRounds "9"]
[EventCountry "CAN"]

1. e4 c5 2. c3 Nf6 3. e5 Nd5 4. Nf3 Nc6 5. Bc4 Nb6 6. Bb3 e6 7. O-O d6 8. exd6 Bxd6 9. d4 cxd4 10. cxd4 O-O 11. Nc3 Nd5 12. Re1 Nxc3 13. bxc3 b6 14. Qd3 Be7 15. Bf4 Bb7 16. Rac1 Bf6 17. Bc2 g6 18. Qe3 Re8 19. Bb1 Rc8 20. Qe2 a6 21. Be4 b5 22. Ne5 Bg5 23. Qe3 Bxf4 24. Qxf4 Nxe5 25. dxe5 Rc4 26. Qf3 Bxe4 27. Rxe4 Qd2 28. Ree1 Qxa2 29. Rcd1 Rc7 30. g3 Qc4 31. Re3 a5 32. Qf6 1/2-1/2

[Event "Calgary int."]
[Site "Calgary CAN"]
[Date "2025.08.01"]
[Round "3.7"]
[White "Bai, Jinghui"]
[Black "Malek, Omid"]
[Result "1/2-1/2"]
[WhiteElo "2031"]
[BlackElo "2002"]
[WhiteFideId "-1"]
[WhiteFideId "-1"]
[PlyCount "75"]
[GameId "2218785004486983"]
[EventDate "2025.07.31"]
[EventType "swiss"]
[EventRounds "9"]
[EventCountry "CAN"]

1. Nf3 Nf6 2. c4 c6 3. g3 d5 4. b3 g6 5. Bg2 Bg7 6. Bb2 O-O 7. O-O Re8 8. d4 Bf5 9. Nc3 Ne4 10. Rc1 Bh6 11. e3 Nxc3 12. Rxc3 Be4 13. Qe2 e6 14. Rfc1 Nd7 15. Ba3 Bg7 16. cxd5 exd5 17. Rd1 Qa5 18. Bb2 Rad8 19. a4 Qb4 20. Ne1 Qe7 21. Rcc1 h5 22. Nd3 Bf5 23. Re1 h4 24. g4 Bxd3 25. Qxd3 Nf6 26. h3 Bh6 27. Rc2 Qd7 28. Qd1 Bf8 29. Qf3 Ne4 30. Bf1 Bb4 31. Rd1 f5 32. Qg2 fxg4 33. Qxg4 Qxg4+ 34. hxg4 Kg7 35. Bd3 Nf6 36. Be2 Ne4 37. Bd3 Nf6 38. Be2 1/2-1/2

[Event "Calgary int."]
[Site "Calgary CAN"]
[Date "2025.08.01"]
[Round "3.8"]
[White "Taylor, Tristan"]
[Black "Iyer, Abhinav"]
[Result "1-0"]
[WhiteElo "2012"]
[BlackElo "1915"]
[WhiteFideId "-1"]
[WhiteFideId "-1"]
[PlyCount "73"]
[GameId "2218780229775258"]
[EventDate "2025.07.31"]
[EventType "swiss"]
[EventRounds "9"]
[EventCountry "CAN"]

1. e4 e5 2. Nf3 Nc6 3. Bc4 Nf6 4. d3 h6 5. O-O d6 6. a4 g6 7. c3 Bg7 8. Re1 O-O 9. Nbd2 Re8 10. b4 a6 11. Nf1 d5 12. exd5 Nxd5 13. Qb3 Be6 14. Ng3 Qd7 15. Ne4 b6 16. Bxh6 Nce7 17. Bxg7 Kxg7 18. Nxe5 Qc8 19. Ng5 c6 20. Nxe6+ Qxe6 21. d4 b5 22. Bd3 Qd6 23. Be4 Rh8 24. axb5 axb5 25. Rxa8 Rxa8 26. g3 f6 27. Nd3 Rh8 28. Nc5 f5 29. Bf3 f4 30. Re6 Qb8 31. Bxd5 Nxd5 32. Rxc6 Qa8 33. Qxd5 Qa1+ 34. Kg2 Rh5 35. Ne6+ Kh6 36. Qf3 fxg3 37. Qf4+ 1-0

[Event "Calgary int."]
[Site "Calgary CAN"]
[Date "2025.08.01"]
[Round "3.9"]
[White "Tran, Tri"]
[Black "Zheng, Yanchen"]
[Result "1/2-1/2"]
[WhiteElo "2059"]
[BlackElo "1877"]
[WhiteFideId "-1"]
[WhiteFideId "-1"]
[PlyCount "144"]
[GameId "2206094063038464"]
[EventDate "2025.07.31"]
[EventType "swiss"]
[EventRounds "9"]
[EventCountry "CAN"]

1. d4 Nf6 2. c4 e6 3. Nf3 d5 4. g3 dxc4 5. Bg2 a6 6. O-O Nc6 7. e3 Bd7 8. Qe2 b5 9. b3 cxb3 10. axb3 Nb4 11. Ba3 Be7 12. Rc1 O-O 13. Ne5 Nfd5 14. Nd2 f6 15. Nxd7 Qxd7 16. Ne4 a5 17. Nc5 Bxc5 18. Rxc5 c6 19. e4 Ne7 20. Rd1 Na6 21. Rc2 Rfe8 22. Rcd2 Nc7 23. Bh3 f5 24. f3 a4 25. Qe3 Nc8 26. g4 axb3 27. Qxb3 f4 28. Bb2 Nb6 29. Bf1 Ra4 30. Rc2 Na6 31. Rdc1 Rb4 32. Qc3 Nc4 33. Bxc4 Rxc4 34. Qd2 Rxc2 35. Rxc2 Qd6 36. Qc3 Qe7 37. Rc1 Rc8 38. Ra1 Nb8 39. Ba3 Qf6 40. Bd6 Nd7 41. Ra7 Rd8 42. e5 Qg6 43. Be7 Qb1+ 44. Kg2 Nxe5 45. Ra1 b4 46. Rxb1 bxc3 47. dxe5 Rd2+ 48. Kh3 c2 49. Rc1 Rf2 50. Bc5 Rxf3+ 51. Kg2 Rc3 52. Bd4 Rd3 53. Bb2 Rd2+ 54. Kf3 g5 55. h3 Rh2 56. Ke4 c5 57. Kd3 Rxh3+ 58. Kc4 Rg3 59. Rxc2 Rxg4 60. Kxc5 Kf7 61. Kd6 Kg6 62. Kxe6 f3 63. Ba3 Re4 64. Kd5 Kf5 65. Bd6 g4 66. Rc7 Re2 67. Bc5 Rxe5+ 68. Kd4 Re1 69. Rxh7 g3 70. Kd3 f2 71. Bxf2 gxf2 72. Rf7+ Ke5 1/2-1/2

[Event "Calgary int."]
[Site "Calgary CAN"]
[Date "2025.08.01"]
[Round "3.10"]
[White "Darvekar, Yash"]
[Black "Wu, Nathan Ping-Ying"]
[Result "0-1"]
[WhiteElo "1922"]
[BlackElo "2006"]
[WhiteFideId "-1"]
[WhiteFideId "-1"]
[PlyCount "52"]
[GameId "2218773585399687"]
[EventDate "2025.07.31"]
[EventType "swiss"]
[EventRounds "9"]
[EventCountry "CAN"]

1. e4 d5 2. exd5 Nf6 3. Bb5+ Nbd7 4. c4 a6 5. Bxd7+ Bxd7 6. Nf3 g6 7. b3 Bg7 8. Bb2 O-O 9. O-O b5 10. d3 c6 11. dxc6 Bxc6 12. Qe2 Qb8 13. Ne5 Bb7 14. Nd2 Qd6 15. Rad1 Rfd8 16. Kh1 Nh5 17. Ne4 Qc7 18. d4 f5 19. f3 fxe4 20. fxe4 Bxe5 21. dxe5 Qc6 22. Rd5 e6 23. cxb5 axb5 24. Rxd8+ Rxd8 25. Qf3 Qxe4 26. Qh3 Nf4 0-1

[Event "Calgary int."]
[Site "Calgary CAN"]
[Date "2025.08.01"]
[Round "4.1"]
[White "Thavandiran, Shiyam"]
[Black "Doknjas, Neil"]
[Result "1-0"]
[WhiteElo "2398"]
[BlackElo "2225"]
[WhiteFideId "-1"]
[WhiteFideId "-1"]
[PlyCount "59"]
[GameId "2205094396829696"]
[EventDate "2025.07.31"]
[EventType "swiss"]
[EventRounds "9"]
[EventCountry "CAN"]

1. e4 d6 2. d4 Nf6 3. Nc3 e5 4. Nf3 Nbd7 5. Bc4 Be7 6. a4 O-O 7. O-O c6 8. Re1 h6 9. h3 Re8 10. Be3 exd4 11. Bxd4 Nf8 12. Qd3 Be6 13. Rad1 a6 14. Bxe6 Nxe6 15. Bxf6 Bxf6 16. Qxd6 Qb6 17. Nd5 Qxb2 18. Rb1 Qxc2 19. Nxf6+ gxf6 20. Rxb7 Rad8 21. Qg3+ Ng7 22. Qc7 Qc4 23. Qf4 Re6 24. Qxh6 Rde8 25. Nh4 f5 26. Qg5 fxe4 27. Nf5 Qc3 28. Re3 Qa1+ 29. Kh2 Kf8 30. Rg3 1-0

[Event "Calgary int."]
[Site "Calgary CAN"]
[Date "2025.08.01"]
[Round "4.2"]
[White "Mikhalevski, Victor"]
[Black "Komarov, Dimitri"]
[Result "1-0"]
[WhiteElo "2499"]
[BlackElo "2406"]
[WhiteFideId "-1"]
[WhiteFideId "-1"]
[PlyCount "109"]
[GameId "2206180843204608"]
[EventDate "2025.07.31"]
[EventType "swiss"]
[EventRounds "9"]
[EventCountry "CAN"]

1. Nf3 d5 2. g3 Bg4 3. Bg2 Nd7 4. h3 Bxf3 5. Bxf3 c6 6. d3 Ngf6 7. O-O e5 8. e4 dxe4 9. dxe4 Bc5 10. a4 O-O 11. Qe2 Qc7 12. Nd2 Rfe8 13. Nb3 Be7 14. Be3 Nf8 15. h4 Ne6 16. Bg2 h5 17. Bh3 Nf8 18. f3 Bd6 19. Kg2 Ne6 20. Qf2 b6 21. a5 Rab8 22. Rfd1 Bf8 23. axb6 axb6 24. Nd2 c5 25. Nb1 Nd4 26. Bg5 Nh7 27. Nc3 Nxg5 28. hxg5 Qd8 29. g6 fxg6 30. Nd5 Qg5 31. c3 Ne6 32. Kh2 Qh6 33. Rh1 c4 34. Bxe6+ Rxe6 35. Ra6 Bc5 36. Qe2 Rf8 37. Kg2 Qg5 38. Kh3 Kh7 39. Rf1 Rc6 40. Ra7 Qd8 41. Kg2 Qb8 42. Raa1 b5 43. Rh1 Qd8 44. Qd2 Rc7 45. g4 Rcf7 46. Raf1 h4 47. Rh3 g5 48. Ra1 Ra7 49. Rxa7 Bxa7 50. Rh1 Bc5 51. Ra1 Kh6 52. Ra6+ Rf6 53. Rxf6+ gxf6 54. Qd1 Kg6 55. Nf4+ 1-0

[Event "Calgary int."]
[Site "Calgary CAN"]
[Date "2025.08.01"]
[Round "4.4"]
[White "Ng, Gary"]
[Black "Ivanov, Mike"]
[Result "0-1"]
[WhiteElo "2234"]
[BlackElo "2383"]
[WhiteFideId "-1"]
[WhiteFideId "-1"]
[PlyCount "106"]
[GameId "2206180843216896"]
[EventDate "2025.07.31"]
[EventType "swiss"]
[EventRounds "9"]
[EventCountry "CAN"]

1. e4 e6 2. Qe2 Nc6 3. Nf3 e5 4. g3 g6 5. Bg2 Bg7 6. O-O Nge7 7. c4 d6 8. h3 O-O 9. Nc3 f5 10. d3 h6 11. Rb1 a5 12. a3 a4 13. Kh2 Bd7 14. Bd2 Na5 15. Nd5 Nb3 16. Bc3 Nxd5 17. cxd5 f4 18. Nd2 Nxd2 19. Bxd2 c5 20. Bf3 Kh7 21. Bg4 Bxg4 22. Qxg4 h5 23. Qf3 Bh6 24. Rg1 fxg3+ 25. Qxg3 Qf6 26. Bxh6 Kxh6 27. Rbf1 g5 28. h4 gxh4 29. Qe3+ Qf4+ 30. Kh3 Rf6 31. Qxf4+ Rxf4 32. f3 Raf8 33. Kg2 b5 34. Rh1 Rg8+ 35. Kf2 Rg3 36. Ke2 Kg5 37. Rh2 h3 38. Rhf2 Kh4 39. Rh1 Rf8 40. Ke3 Rfg8 41. Rfh2 R8g7 42. b4 axb3 43. Rb2 Rg1 44. Rbh2 Rxh1 45. Rxh1 Rg2 46. d4 cxd4+ 47. Kd3 Rf2 48. a4 Rxf3+ 49. Ke2 Re3+ 50. Kf2 bxa4 51. Ra1 b2 52. Rb1 a3 53. Rh1 Rb3 0-1

[Event "Calgary int."]
[Site "Calgary CAN"]
[Date "2025.08.01"]
[Round "4.5"]
[White "Alpuri, Aaqil"]
[Black "Chandra, Anand Rishi"]
[Result "0-1"]
[WhiteElo "1998"]
[BlackElo "2169"]
[WhiteFideId "-1"]
[WhiteFideId "-1"]
[PlyCount "86"]
[GameId "2206180843225088"]
[EventDate "2025.07.31"]
[EventType "swiss"]
[EventRounds "9"]
[EventCountry "CAN"]

1. e4 e5 2. Nf3 Nc6 3. Bb5 a6 4. Ba4 Nf6 5. O-O b5 6. Bb3 Be7 7. Re1 d6 8. c3 O-O 9. h3 Nb8 10. d4 Nbd7 11. Nbd2 c5 12. Nf1 Bb7 13. d5 c4 14. Bc2 Nc5 15. Ng3 Re8 16. Nf5 Bf8 17. Bd2 Qc8 18. Qe2 a5 19. Bg5 Nfd7 20. Nd2 Ba6 21. Qg4 Kh8 22. Re3 f6 23. Bh4 g6 24. Rg3 Qd8 25. Nf3 Be7 26. a3 Nb6 27. Rb1 Bc8 28. Nd2 Rg8 29. Nxe7 Qxe7 30. Qe2 g5 31. Nf3 Bd7 32. Bxg5 fxg5 33. Nh2 Raf8 34. Rf1 Rf4 35. Re3 Qf7 36. Bd1 Qg6 37. Bc2 h5 38. Re1 g4 39. h4 Rgf8 40. Rf1 Be8 41. Re1 Rxf2 42. Qxf2 Rxf2 43. Kxf2 Nxd5 0-1

[Event "Calgary int."]
[Site "Calgary CAN"]
[Date "2025.08.01"]
[Round "4.6"]
[White "Taylor, Tristan"]
[Black "Wu, Jonathan"]
[Result "1-0"]
[WhiteElo "1973"]
[BlackElo "2130"]
[WhiteFideId "-1"]
[WhiteFideId "-1"]
[PlyCount "67"]
[GameId "2206180843229184"]
[EventDate "2025.07.31"]
[EventType "swiss"]
[EventRounds "9"]
[EventCountry "CAN"]

1. e4 c5 2. Nf3 d6 3. d4 cxd4 4. Nxd4 Nf6 5. Nc3 a6 6. h3 e5 7. Nf3 Be7 8. g4 h6 9. Rg1 b5 10. g5 hxg5 11. Nxg5 Bb7 12. Be3 Nbd7 13. a4 b4 14. Bc4 Rf8 15. Nd5 Nxd5 16. Bxd5 Bxd5 17. Qxd5 Rc8 18. O-O-O Qc7 19. Qd3 Qc6 20. b3 Nf6 21. f4 Rh8 22. Bd2 Nd7 23. Kb1 a5 24. Be3 Rh4 25. Rd2 exf4 26. Bd4 Ne5 27. Bxe5 dxe5 28. Nf3 Rxh3 29. Rxg7 Rh1+ 30. Ka2 Rc1 31. Rgg2 f6 32. Nh4 Qe6 33. Nf5 Rh1 34. Ng7+ 1-0

[Event "Calgary int."]
[Site "Calgary CAN"]
[Date "2025.08.01"]
[Round "4.7"]
[White "Zheng, Yanchen"]
[Black "Bai, Jinghui"]
[Result "0-1"]
[WhiteElo "1877"]
[BlackElo "2031"]
[WhiteFideId "-1"]
[WhiteFideId "-1"]
[PlyCount "80"]
[GameId "2206180843233280"]
[EventDate "2025.07.31"]
[EventType "swiss"]
[EventRounds "9"]
[EventCountry "CAN"]

1. e4 c5 2. Nf3 Nc6 3. b4 d5 4. e5 Bg4 5. bxc5 Qa5 6. Bb2 d4 7. c3 O-O-O 8. cxd4 Nxd4 9. Be2 Nxe2 10. Qxe2 e6 11. c6 b6 12. O-O Kc7 13. h3 Bxf3 14. Qxf3 Nh6 15. d4 Qb5 16. Nc3 Qxc6 17. Qd3 Kb8 18. Rfc1 Rd7 19. a4 Bb4 20. Nb5 Qd5 21. Rc4 a5 22. Qc2 Nf5 23. Rc1 Qb7 24. Qd3 Bc5 25. Qc2 Bb4 26. Qe2 Qd5 27. Rc6 Bc5 28. R6xc5 bxc5 29. Rxc5 Qb7 30. Na3 Rd5 31. Rb5 Rxb5 32. Nxb5 Rd8 33. Bc3 Rd7 34. Bxa5 Nxd4 35. Bc7+ Qxc7 36. Nxd4 Qc1+ 37. Kh2 Qf4+ 38. g3 Qxd4 39. Qb5+ Kc8 40. Qc6+ Kd8 0-1

[Event "Calgary int."]
[Site "Calgary CAN"]
[Date "2025.08.01"]
[Round "4.8"]
[White "Iyer, Abhinav"]
[Black "Prianichnikov, Michael"]
[Result "1/2-1/2"]
[WhiteElo "1882"]
[BlackElo "1843"]
[WhiteFideId "-1"]
[WhiteFideId "-1"]
[PlyCount "79"]
[GameId "2206180843237376"]
[EventDate "2025.07.31"]
[EventType "swiss"]
[EventRounds "9"]
[EventCountry "CAN"]
[TimeControl "90+30"]

1. d4 {[%eval 17,0] [%emt 0:00:00]} Nf6 {[%eval 19,0] [%emt 0:00:00]} 2. c4 {[%eval 18,0] [%emt 0:00:00]} g6 {[%eval 28,0] [%emt 0:00:00]} 3. Nf3 {[%eval 22,0] [%emt 0:00:00]} Bg7 {[%eval 27,0] [%emt 0:00:00]} 4. g3 {[%eval 15,0] [%emt 0:00:00]} O-O {[%eval 21,0] [%emt 0:00:00]} 5. Bg2 {[%eval 1,0] [%emt 0:00:00]} d6 {[%eval 34,0] [%emt 0:00:00]} 6. Nc3 {[%eval 3,0] [%emt 0:00:00]} Nc6 {[%eval 47,0] [%emt 0:00:00]} 7. O-O {[%eval 32,0] [%emt 0:00:00]} a6 {[%eval 47,0] [%emt 0:00:00]} 8. h3 {[%eval 41,0] [%emt 0:00:00]} Re8 {[%eval 42,0] [%emt 0:00:00]} 9. e4 {[%eval 34,0] [%emt 0:00:00]} e5 {[%eval 38,0] [%emt 0:00:00]} 10. dxe5 {[%eval 39,0] [%emt 0:00:00]} dxe5 {[%eval 34,0] [%emt 0:00:00]} 11. Qxd8 {[%eval 3,0] [%emt 0:00:00]} Rxd8 {[%eval 37,0] [%emt 0:00:00]} 12. Bg5 {[%eval 38,0] [%emt 0:00:00]} Re8 {[%eval 46,0] [%emt 0:00:00]} 13. Rfe1 {[%eval 15,0] [%emt 0:00:00]} Nd4 {[%eval 28,0] [%emt 0:00:00]} 14. Bxf6 {[%eval 0,0] [%emt 0:00:00]} Bxf6 {[%eval 0,0] [%emt 0:00:00]} 15. Nxd4 {[%eval 1,0] [%emt 0:00:00]} exd4 {[%eval 4,0] [%emt 0:00:00]} 16. Nd5 {[%eval 8,0] [%emt 0:00:00]} Bd8 {[%eval 0,0] [%emt 0:00:00]} 17. Rad1 {[%eval 8,0] [%emt 0:00:00]} c6 {[%eval 2,0] [%emt 0:00:00]} 18. Nf4 {[%eval 8,0] [%emt 0:00:00]} c5 {[%eval 13,0] [%emt 0:00:00]} 19. Nd5 {[%eval 8,0] [%emt 0:00:00]} Be6 {[%eval 9,0] [%emt 0:00:00]} 20. f4 {[%eval 54,0] [%emt 0:00:00]} Bxd5 {[%eval 0,0] [%emt 0:00:00]} 21. exd5 {[%eval 13,0] [%emt 0:00:00]} Bc7 {[%eval 0,0] [%emt 0:00:00]} 22. Kf2 {[%eval 2,0] [%emt 0:00:00]} Bd6 {[%eval 0,0] [%emt 0:00:00]} 23. Bf1 {[%eval 0,0] [%emt 0:00:00]} Kf8 {[%eval 0,0] [%emt 0:00:00]} 24. Bd3 {[%eval 0,0] [%emt 0:00:00]} Rxe1 {[%eval 0,0] [%emt 0:00:00]} 25. Rxe1 {[%eval 0,0] [%emt 0:00:00]} Re8 {[%eval 0,0] [%emt 0:00:00]} 26. Rxe8+ {[%eval 0,0] [%emt 0:00:00]} Kxe8 {[%eval 0,0] [%emt 0:00:00]} 27. Kf3 {[%eval 0,0] [%emt 0:00:00]} Ke7 {[%eval 0,0] [%emt 0:00:00]} 28. g4 {[%eval 0,0] [%emt 0:00:00]} Kf6 {[%eval 0,0] [%emt 0:00:00]} 29. h4 {[%eval 0,0] [%emt 0:00:00]} Kg7 {[%eval 0,0] [%emt 0:00:00]} 30. Ke4 {[%eval 0,0] [%emt 0:00:00]} b6 {[%eval 0,0] [%emt 0:00:00]} 31. a4 {[%eval 0,0] [%emt 0:00:00]} a5 {[%eval 0,0] [%emt 0:00:00]} 32. b3 {[%eval 0,0] [%emt 0:00:00]} h6 {[%eval 0,0] [%emt 0:00:00]} 33. f5 {[%eval 0,0] [%emt 0:00:00]} g5 {[%eval 0,0] [%emt 0:00:00]} 34. hxg5 {[%eval 0,0] [%emt 0:00:00]} hxg5 {[%eval 0,0] [%emt 0:00:00]} 35. Bc2 {[%eval 0,0] [%emt 0:00:00]} f6 {[%eval 0,0] [%emt 0:00:00]} 36. Bd3 {[%eval 0,0] [%emt 0:00:00]} Kf8 {[%eval 0,0] [%emt 0:00:00]} 37. Bc2 {[%eval 0,0] [%emt 0:00:00]} Kg7 {[%eval 0,0] [%emt 0:00:00]} 38. Bd3 {[%eval 0,0] [%emt 0:00:00]} Kf8 {[%eval 0,0] [%emt 0:00:00]} 39. Bc2 {[%eval 0,0] [%emt 0:00:00]} Kg7 {[%eval 0,0] [%emt 0:00:00]} 40. Bd3 {[%eval 0,0] [%emt 0:00:00]} 1/2-1/2